000 00489nam a22001697a 4500
008 120705b xxu||||| |||| 00| 0 eng d
020 _a9780495804918
050 _aHM131 .F67 2010
100 _aForsyth, Donelson R.
245 _aGroup dynamics /
_cDonelson R. Forsyth.
250 _a5th ed.
260 _aAustralia;
_bWadsworth;Cengage Learning
_c2010
300 _aXx,680p.
500 _aincludes bibliographical references and index
650 _aSocial groups
942 _2lcc
_cBK
999 _c40993
_d40993